[Event "Olimpiade 2014 - Open"]
[Site "Tromsø"]
[Date "12.08.2014"]
[Round "10.7"]
[Board "1"]
[White "Ivanisevic, Ivan"]
[Black "Kramnik, Vladimir"]
[Result "0-1"]
[WhiteTitle "GM"]
[BlackTitle "GM"]
[WhiteElo "2613"]
[BlackElo "2760"]
[WhiteTeam "Serbia"]
[BlackTeam "Russia"]
[WhiteFideId "912417"]
[BlackFideId "4101588"]
[EventDate "2014.08.02"]

1. d4 d5 2. c4 e6 3. Nc3 Nf6 4. cxd5 exd5 5. Nf3 c6 6. h3 Bd6 7. Qc2 O-O 8. Bg5
h6 9. Bh4 g5 10. Bg3 Bxg3 11. fxg3 Nh5 12. Kf2 Qd6 13. e4 Nxg3 14. Rg1 Qf4 15.
Bd3 dxe4 16. Nxe4 Nxe4+ 17. Bxe4 Nd7 18. g3 Qd6 19. Rae1 Nf6 20. Bf5 Bxf5 21.
Qxf5 Rae8 22. Rgf1 Nh5 23. Re5 Ng7 24. Qc2 Rxe5 25. dxe5 Qe6 26. Kg2 Rd8 27. b3
Rd5 28. Qf2 c5 29. Re1 Qf5 30. Nh2 h5 31. Nf1 Qxf2+ 32. Kxf2 Ne6 33. Ne3 Rxe5
34. Rd1 Nd4 35. b4 b6 36. bxc5 bxc5 37. Rd3 Re6 38. Rc3 Rf6+ 39. Kg2 Rf3 40. h4
Rxg3+ 41. Kxg3 Ne2+ 42. Kf3 Nxc3 43. hxg5 Nxa2 44. Nc4 Nb4 45. Kg3 Nd5 46. Kh4
Nf4 0-1

[Event "Olimpiade 2014 - Open"]
[Site "Tromsø"]
[Date "12.08.2014"]
[Round "10.7"]
[Board "2"]
[White "Grischuk, Alexander"]
[Black "Perunovic, Milos"]
[Result "1/2-1/2"]
[WhiteTitle "GM"]
[BlackTitle "GM"]
[WhiteElo "2795"]
[BlackElo "2602"]
[WhiteTeam "Russia"]
[BlackTeam "Serbia"]
[WhiteFideId "4126025"]
[BlackFideId "921629"]
[EventDate "2014.08.02"]

1. c4 c5 2. Nc3 Nf6 3. g3 e6 4. Nf3 b6 5. Bg2 Bb7 6. O-O a6 7. d4 cxd4 8. Qxd4
d6 9. Bg5 Nbd7 10. Qd2 Rc8 11. b3 Be7 12. Rfd1 O-O 13. Bf4 Ne8 14. Rac1 h6 15.
e4 Qc7 16. Qe2 Qb8 17. Be3 Nef6 18. Nd2 Rfe8 19. f4 Qa8 20. h3 Bf8 21. Bf2 Bc6
22. b4 Qb8 23. a3 Ba8 24. Re1 Red8 25. Bf3 g6 26. Rcd1 Bg7 27. Rc1 h5 28. Red1
Re8 29. Bg2 Bh6 30. Be3 Bg7 31. Bf2 Bh6 32. Be3 Bg7 1/2-1/2

[Event "Olimpiade 2014 - Open"]
[Site "Tromsø"]
[Date "12.08.2014"]
[Round "10.7"]
[Board "3"]
[White "Markus, Robert"]
[Black "Svidler, Peter"]
[Result "1-0"]
[WhiteTitle "GM"]
[BlackTitle "GM"]
[WhiteElo "2602"]
[BlackElo "2751"]
[WhiteTeam "Serbia"]
[BlackTeam "Russia"]
[WhiteFideId "921637"]
[BlackFideId "4102142"]
[EventDate "2014.08.02"]

1. Nf3 g6 2. g3 Bg7 3. Bg2 e5 4. d3 d5 5. O-O Ne7 6. Nbd2 Nbc6 7. e4 O-O 8. exd5
Nxd5 9. Re1 Re8 10. c3 h6 11. a4 a5 12. Nc4 Bf5 13. h3 Nb6 14. Nxb6 cxb6 15. Bf1
Be6 16. Nd2 Qc7 17. Nc4 Ne7 18. Qb3 Nd5 19. Qb5 Rad8 20. Bg2 Bd7 21. Qb3 Be6 22.
Qb5 Re7 23. h4 Kh7 24. Re2 f5 25. Bd2 e4 26. h5 gxh5 27. dxe4 fxe4 28. Rxe4 Bf7
29. Ne3 Nf4 30. Rxe7 Qxe7 31. Nf5 Ne2+ 32. Kh2 Qe6 33. Nxg7 Kxg7 34. Be3 1-0

[Event "Olimpiade 2014 - Open"]
[Site "Tromsø"]
[Date "12.08.2014"]
[Round "10.7"]
[Board "4"]
[White "Karjakin, Sergey"]
[Black "Indjic, Aleksandar"]
[Result "1-0"]
[WhiteTitle "GM"]
[BlackTitle "GM"]
[WhiteElo "2786"]
[BlackElo "2539"]
[WhiteTeam "Russia"]
[BlackTeam "Serbia"]
[WhiteFideId "14109603"]
[BlackFideId "911925"]
[EventDate "2014.08.02"]

1. e4 c5 2. Nf3 d6 3. Bb5+ Bd7 4. Bxd7+ Nxd7 5. O-O Ngf6 6. Re1 e6 7. d4 cxd4 8.
Nxd4 Be7 9. c4 O-O 10. Nc3 a6 11. b3 Rc8 12. Bb2 Qa5 13. Qd2 Rfd8 14. Rad1 Qh5
15. h3 Bf8 16. Qe3 Nc5 17. g4 Qg6 18. f4 Re8 19. Nf3 h6 20. e5 dxe5 21. fxe5
Nfd7 22. b4 Nb6 23. bxc5 Bxc5 24. Nd4 Nxc4 25. Qe2 Red8 26. Ne4 Ba7 27. Ba1 Nxe5
28. Kh1 Nc4 29. Nc6 bxc6 30. Qxc4 h5 31. gxh5 Qxh5 32. Qc3 f6 33. Qg3 Kf8 34.
Nxf6 gxf6 35. Bxf6 1-0

[Event "Olimpiade 2014 - Open"]
[Site "Tromsø"]
[Date "12.08.2014"]
[Round "10.8"]
[Board "2"]
[White "Sethuraman, S.P."]
[Black "Meier, Georg"]
[Result "1/2-1/2"]
[WhiteTitle "GM"]
[BlackTitle "GM"]
[WhiteElo "2590"]
[BlackElo "2646"]
[WhiteTeam "India"]
[BlackTeam "Germany"]
[WhiteFideId "5021596"]
[BlackFideId "4675789"]
[EventDate "2014.08.02"]

1. d4 Nf6 2. c4 e6 3. Nf3 d5 4. g3 Bb4+ 5. Bd2 Be7 6. Bg2 O-O 7. O-O c6 8. Qc2
Nbd7 9. Bf4 b6 10. Nbd2 Nh5 11. cxd5 Nxf4 12. Qxc6 Nxe2+ 13. Kh1 Rb8 14. dxe6
Nxd4 15. Nxd4 Nc5 16. exf7+ Rxf7 17. Qd5 Bb7 18. Qxd8+ Rxd8 19. Bxb7 Rxd4 20.
Nb3 Rd8 21. Bc6 Nd3 22. Bb5 Nxb2 23. Rac1 Bf6 24. Rc2 Re7 25. Rfc1 a5 26. Rd2
Rxd2 27. Nxd2 a4 28. Nf3 Kf7 29. Kg2 Re4 30. Rc7+ Ke6 31. a3 Kd5 32. Rc8 Re6 1/2-1/2

[Event "Olimpiade 2014 - Open"]
[Site "Tromsø"]
[Date "12.08.2014"]
[Round "10.8"]
[Board "3"]
[White "Nisipeanu, Liviu-Dieter"]
[Black "Sasikiran, Krishnan"]
[Result "0-1"]
[WhiteTitle "GM"]
[BlackTitle "GM"]
[WhiteElo "2689"]
[BlackElo "2669"]
[WhiteTeam "Germany"]
[BlackTeam "India"]
[WhiteFideId "1202758"]
[BlackFideId "5004985"]
[EventDate "2014.08.02"]

1. d4 d5 2. Nf3 Nf6 3. c4 c6 4. e3 g6 5. Nbd2 a5 6. b3 Bg7 7. Bb2 O-O 8. Be2 Bf5
9. O-O Ne4 10. Nxe4 Bxe4 11. Nd2 Bf5 12. a3 Nd7 13. b4 Nf6 14. Bc3 axb4 15. axb4
Qc7 16. c5 Nd7 17. Nb3 h5 18. Qc1 Nf6 19. f3 Bh6 20. Qd2 Qd7 21. Ra5 Qe6 22. Kf2
g5 23. Nc1 g4 24. Nd3 gxf3 25. gxf3 Bxd3 26. Bxd3 Kh8 27. Ke2 Rg8 28. Rxa8 Rxa8
29. Bb1 Rg8 30. Kd1 Qxe3 31. Qxe3 Bxe3 32. Re1 Rg1 33. Bd3 Nd7 34. Ke2 Rxe1+ 35.
Kxe1 Nf8 36. Bf5 Ne6 37. Bxe6 fxe6 38. Ke2 Bf4 39. h3 Kg7 40. Kd3 Kg6 41. Be1
Kg5 42. b5 e5 43. bxc6 bxc6 44. Bf2 exd4 45. Kxd4 Kf5 46. Bh4 Be5+ 47. Ke3 Bf6
48. Be1 Bb2 0-1

[Event "Olimpiade 2014 - Open"]
[Site "Tromsø"]
[Date "12.08.2014"]
[Round "10.9"]
[Board "1"]
[White "Giri, Anish"]
[Black "Kasimdzhanov, Rustam"]
[Result "1/2-1/2"]
[WhiteTitle "GM"]
[BlackTitle "GM"]
[WhiteElo "2745"]
[BlackElo "2700"]
[WhiteTeam "Netherlands"]
[BlackTeam "Uzbekistan"]
[WhiteFideId "24116068"]
[BlackFideId "14200244"]
[EventDate "2014.08.02"]

1. d4 d5 2. c4 e6 3. Nc3 Be7 4. Bf4 Nf6 5. e3 O-O 6. Nf3 Nbd7 7. c5 Ne4 8. Nxe4
dxe4 9. Ne5 Nxe5 10. Bxe5 Bd7 11. Be2 Bc6 12. O-O Bf6 13. Bg3 Bh4 14. Be5 Bf6
15. b4 Bxe5 16. dxe5 a6 17. a4 Qg5 18. b5 axb5 19. axb5 Bd5 20. Qd4 f6 21. exf6
Qxf6 22. Qxf6 gxf6 23. Rfc1 Kf7 24. Kf1 Ke7 25. Ke1 b6 26. Ra6 bxc5 27. Rxc5 Kd7
28. Bd1 f5 29. Ba4 Bb7 30. b6+ c6 31. Raa5 Kd6 32. Kd2 Rfb8 33. Kc3 h6 34. h4 1/2-1/2

[Event "Olimpiade 2014 - Open"]
[Site "Tromsø"]
[Date "12.08.2014"]
[Round "10.9"]
[Board "2"]
[White "Filippov, Anton UZB"]
[Black "L'Ami, Erwin"]
[Result "1/2-1/2"]
[WhiteTitle "GM"]
[BlackTitle "GM"]
[WhiteElo "2615"]
[BlackElo "2631"]
[WhiteTeam "Uzbekistan"]
[BlackTeam "Netherlands"]
[WhiteFideId "14200988"]
[BlackFideId "1007998"]
[EventDate "2014.08.02"]

1. e4 e5 2. Nf3 Nc6 3. Bc4 Nf6 4. d3 Bc5 5. O-O O-O 6. Nc3 d6 7. Be3 Bb6 8. h3
Be6 9. Bb3 h6 10. Qd2 Ne7 11. d4 Bxb3 12. axb3 Ng6 13. dxe5 dxe5 14. Qxd8 Rfxd8
15. Bxb6 axb6 16. Rxa8 Rxa8 17. Nd2 c6 18. b4 b5 19. g3 Nd7 20. Nb3 Kf8 21. f3
Ke7 22. Kf2 f6 23. Na5 Ra7 24. Ke3 Nh8 25. Nb1 Nf7 26. Na3 Nd6 27. Rd1 Nb8 28.
c3 b6 29. Nb3 Nc4+ 30. Nxc4 bxc4 31. Ra1 Rxa1 32. Nxa1 Nd7 33. b3 cxb3 34. Nxb3
Nf8 35. h4 h5 36. Nd2 b5 37. f4 Nd7 38. Nf3 Ke6 39. Kd3 c5 40. bxc5 Nxc5+ 41.
Ke3 Na4 42. Kd3 Nc5+ 43. Ke3 1/2-1/2

[Event "Olimpiade 2014 - Open"]
[Site "Tromsø"]
[Date "12.08.2014"]
[Round "10.9"]
[Board "3"]
[White "Van Wely, Loek"]
[Black "Dzhumaev, Marat"]
[Result "1/2-1/2"]
[WhiteTitle "GM"]
[BlackTitle "GM"]
[WhiteElo "2662"]
[BlackElo "2510"]
[WhiteTeam "Netherlands"]
[BlackTeam "Uzbekistan"]
[WhiteFideId "1000268"]
[BlackFideId "14200236"]
[EventDate "2014.08.02"]

1. d4 d6 2. Nf3 g6 3. g3 Bg7 4. Bg2 Nf6 5. O-O O-O 6. c4 Nc6 7. Nc3 Bf5 8. Ne1
Bd7 9. f4 Na5 10. Qd3 c5 11. dxc5 Be6 12. Nd5 dxc5 13. e4 b5 14. cxb5 Nxd5 15.
exd5 Bf5 16. Qe2 c4 17. Be3 Rb8 18. Rd1 Rxb5 19. b3 Qb8 20. g4 Bc8 21. bxc4 Rb2
22. Rd2 Rxd2 23. Bxd2 Qb2 24. Rf2 Qxa2 25. Qxe7 Nxc4 26. Bc3 Qa3 27. Qxa3 Nxa3
28. Bxg7 Kxg7 29. h3 Rd8 30. Nd3 Nc4 31. Ne5 Ne3 32. Bf3 Bb7 33. Nc6 Rd7 34. Rb2
Nc4 35. Rb4 Nd6 36. Kf2 Bxc6 37. dxc6 Re7 38. Rb8 h6 39. h4 Kf6 40. Bd5 Ne8 41.
Kf3 Kg7 42. g5 hxg5 43. hxg5 Kf8 44. Rd8 Kg7 45. Bb3 Nc7 46. Rb8 Ne8 47. Rb7 Kf8
48. Rb8 Kg7 49. Bc4 Nd6 50. Bd5 Ne8 51. Rd8 Nc7 52. Bc4 Ne8 53. Ra8 Nd6 54. Bd5
Ne8 55. Kf2 Nc7 56. Rd8 Nxd5 57. Rxd5 Rc7 58. Rd6 Kf8 59. Ke3 Ke7 60. Rf6 a5 61.
Kd3 a4 62. Kc3 a3 63. Kb3 Ra7 64. Ka2 Ra5 65. c7 Rc5 66. Kxa3 Rxc7 67. Kb4 Rc1
68. f5 gxf5 69. Rxf5 Rc6 70. Kb5 Re6 71. Kc5 Kf8 72. Kd4 Kg7 73. Re5 Ra6 74. Ke4
Kg6 75. Kf3 Ra1 76. Kg4 Rg1+ 77. Kh4 Rh1+ 78. Kg4 Rh5 79. Rf5 Rh4+ 80. Kxh4 Kxf5 1/2-1/2

[Event "Olimpiade 2014 - Open"]
[Site "Tromsø"]
[Date "12.08.2014"]
[Round "10.9"]
[Board "4"]
[White "Vakhidov, Jahongir"]
[Black "Van Kampen, Robin"]
[Result "1-0"]
[WhiteTitle "IM"]
[BlackTitle "GM"]
[WhiteElo "2471"]
[BlackElo "2638"]
[WhiteTeam "Uzbekistan"]
[BlackTeam "Netherlands"]
[WhiteFideId "14201801"]
[BlackFideId "1020854"]
[EventDate "2014.08.02"]

1. d4 Nf6 2. c4 g6 3. g3 Bg7 4. Bg2 O-O 5. Nc3 d6 6. Nf3 Nc6 7. O-O Bf5 8. Ne1
Re8 9. e4 Bd7 10. d5 Na5 11. c5 e6 12. cxd6 cxd6 13. dxe6 Bxe6 14. Nd3 Rc8 15.
Nf4 Bg4 16. f3 Be6 17. Kh1 Qb6 18. Na4 Qa6 19. Nc3 Nc4 20. Nxe6 fxe6 21. f4 Qa5
22. f5 gxf5 23. exf5 exf5 24. Bxb7 Rb8 25. Bc6 Rec8 26. Ba4 Kh8 27. Bb3 Ng4 28.
Bxc4 Rxc4 29. Qxd6 Re8 30. Bf4 Bxc3 31. bxc3 Rd8 32. Qe6 Re4 33. Qc6 Rde8 34. h3
R8e6 35. Qc8+ Re8 36. Qc6 R8e6 37. Qd7 Nf6 38. Qd3 Kg7 39. Rab1 Kg6 40. Rb5 Qxa2
41. g4 fxg4 42. Be3 h6 43. Rb4 Nh5 44. Rg1 g3 45. Bd2 Kg7 46. Rxe4 Rxe4 47. Qxe4
Qxd2 48. Qd4+ Qxd4 49. cxd4 Kf6 50. Kg2 Nf4+ 51. Kf3 Nxh3 52. Rxg3 Ng5+ 53. Kf4
Ne6+ 54. Ke4 h5 55. d5 Nc5+ 56. Kf4 Ke7 57. Ke5 Nd7+ 58. Kd4 Kf6 59. Rf3+ Kg6
60. d6 h4 61. Rf4 Kg5 62. Rf7 Nb8 63. d7 Kg4 64. Ke3 Nxd7 65. Rxd7 Kg3 66. Rxa7
h3 67. Rg7+ Kh2 68. Kf2 Kh1 69. Rg1+ Kh2 70. Rg3 1-0

[Event "Olimpiade 2014 - Open"]
[Site "Tromsø"]
[Date "12.08.2014"]
[Round "10.10"]
[Board "1"]
[White "Navara, David"]
[Black "Zhigalko, Sergei"]
[Result "1/2-1/2"]
[WhiteTitle "GM"]
[BlackTitle "GM"]
[WhiteElo "2716"]
[BlackElo "2678"]
[WhiteTeam "Czech Republic"]
[BlackTeam "Belarus"]
[WhiteFideId "309095"]
[BlackFideId "13502956"]
[EventDate "2014.08.02"]

1. e4 c5 2. Nf3 Nc6 3. Bb5 e6 4. O-O Nge7 5. c3 a6 6. Ba4 b5 7. Bc2 Bb7 8. Re1
Ng6 9. a4 b4 10. d4 bxc3 11. d5 Nb4 12. bxc3 Nxc2 13. Qxc2 c4 14. Na3 Rc8 15.
Rb1 Ba8 16. Rd1 Qc7 17. Qa2 Bc5 18. Qxc4 Qa5 19. Nd4 Ne5 20. Qb3 O-O 21. Bf4
Bxd4 22. cxd4 Rc3 23. Bd2 Rxb3 24. Bxa5 Rxb1 25. Rxb1 Nd3 26. Bd2 f5 27. dxe6
dxe6 28. exf5 Rxf5 29. f3 e5 30. dxe5 Nxe5 31. Nc2 Nd7 32. Ne3 Re5 33. Kf2 Bc6
34. Bc3 Rh5 35. Rb4 Rc5 36. Bb2 Ra5 37. Rg4 g6 38. Rc4 Bxa4 39. Bc3 Rc5 40. Rxa4
Rxc3 41. Rxa6 Rc7 42. Rd6 Kg7 43. f4 Ra7 44. Kf3 Nf6 45. g4 Ra3 46. h3 Kf7 47.
Rd4 Ke6 48. Kf2 Ra2+ 49. Kg3 Ra3 50. Kf3 h5 51. g5 Ne8 52. Ke4 Rb3 53. f5+ gxf5+
54. Kf4 Ng7 55. Ra4 Rb6 56. Nxf5 Nxf5 57. Re4+ Kf7 58. Kxf5 Rb7 59. Re6 Kg7 60.
Rg6+ Kh7 61. Re6 Kg7 62. Rg6+ Kh7 63. Rd6 Kg7 64. h4 Ra7 65. Ke6 Ra4 66. Kf5
Ra5+ 67. Ke4 Ra4+ 68. Rd4 Ra5 69. Rd7+ Kg6 70. Rd6+ Kg7 71. Rd5 Ra4+ 72. Kf5 Ra7
73. Rd4 Ra5+ 74. Ke6 Ra6+ 75. Kd7 Ra7+ 76. Kc6 Ra6+ 77. Kb5 Ra1 78. Rd7+ Kg6 79.
Rd6+ Kg7 80. Rh6 Re1 81. Kc5 Re4 82. Rxh5 Re6 83. Kd5 Ra6 84. Ke4 1/2-1/2

[Event "Olimpiade 2014 - Open"]
[Site "Tromsø"]
[Date "12.08.2014"]
[Round "10.10"]
[Board "2"]
[White "Zhigalko, Andrey"]
[Black "Laznicka, Viktor"]
[Result "1/2-1/2"]
[WhiteTitle "GM"]
[BlackTitle "GM"]
[WhiteElo "2580"]
[BlackElo "2676"]
[WhiteTeam "Belarus"]
[BlackTeam "Czech Republic"]
[WhiteFideId "13502247"]
[BlackFideId "316385"]
[EventDate "2014.08.02"]

1. e4 c6 2. d4 d5 3. exd5 cxd5 4. c4 Nf6 5. Nc3 Nc6 6. Bg5 dxc4 7. Bxc4 h6 8.
Bf4 e6 9. Nf3 Bd6 10. Ne5 O-O 11. O-O Qe7 12. Nxc6 bxc6 13. Be5 c5 14. Nb5 Bxe5
15. dxe5 Nd7 16. f4 Nb6 17. b3 Nxc4 18. bxc4 Bb7 19. Nd6 Rab8 20. Qd2 Ba8 21.
Rf2 Rb6 22. Qe3 Qc7 23. Nb5 Qe7 24. h3 a6 25. Nd6 Qc7 26. Rd1 Rfb8 27. Rdd2 f5
28. Kh2 Rb1 29. Qg3 Kh7 30. h4 g6 31. h5 gxh5 32. Qh3 Qg7 33. Qxh5 Qg6 34. Qh3
Bc6 35. Rd3 Ra1 36. Rg3 Rbb1 37. Rxg6 Rh1+ 38. Kg3 Rxh3+ 39. Kxh3 Kxg6 40. Rb2
Rf1 41. Rb6 Be4 42. Kg3 h5 43. Rxa6 h4+ 44. Kxh4 Rxf4+ 45. Kh3 Bd3 46. Ra3 Bf1
47. Kg3 Rd4 48. Kf2 Bxc4 49. Nxc4 Rf4+ 50. Kg3 Rxc4 51. Ra6 f4+ 52. Kg4 f3+ 53.
Kxf3 Kf5 54. a4 Rc3+ 55. Ke2 Kxe5 56. a5 Ra3 57. Ra8 Ke4 58. a6 Ra2+ 59. Kd1
Rxg2 60. Re8 Ra2 61. Rxe6+ Kd3 62. Kc1 c4 63. Rh6 Kc3 64. Kb1 Ra5 65. Rh3+ Kb4
66. Rh6 Kb5 67. Kb2 Rxa6 68. Rxa6 Kxa6 1/2-1/2

[Event "Olimpiade 2014 - Open"]
[Site "Tromsø"]
[Date "12.08.2014"]
[Round "10.10"]
[Board "3"]
[White "Hracek, Zbynek"]
[Black "Aleksandrov, Aleksej"]
[Result "1/2-1/2"]
[WhiteTitle "GM"]
[BlackTitle "GM"]
[WhiteElo "2634"]
[BlackElo "2595"]
[WhiteTeam "Czech Republic"]
[BlackTeam "Belarus"]
[WhiteFideId "300071"]
[BlackFideId "13500139"]
[EventDate "2014.08.02"]

1. e4 e5 2. Nf3 Nc6 3. Bb5 Nf6 4. d3 d6 5. O-O Be7 6. c3 O-O 7. Re1 Bd7 8. Nbd2
Re8 9. Nf1 h6 10. Ng3 Bf8 11. h3 Ne7 12. Bxd7 Qxd7 13. d4 Ng6 14. d5 c6 15. c4
b5 16. b3 Rab8 17. Be3 bxc4 18. bxc4 Rb4 19. Nd2 Reb8 20. a3 R4b7 21. Qc2 Ne7
22. Rab1 Qc7 23. Rxb7 Rxb7 24. Rb1 Nd7 25. Rxb7 Qxb7 26. Qa4 g6 27. Ne2 f5 28.
f3 Nb6 29. Qb3 c5 30. Qb5 a6 31. Qb3 Qc7 32. Nf1 Nd7 33. Nd2 1/2-1/2

[Event "Olimpiade 2014 - Open"]
[Site "Tromsø"]
[Date "12.08.2014"]
[Round "10.10"]
[Board "4"]
[White "Kovalev, Vladislav"]
[Black "Babula, Vlastimil"]
[Result "1/2-1/2"]
[WhiteTitle "GM"]
[BlackTitle "GM"]
[WhiteElo "2532"]
[BlackElo "2549"]
[WhiteTeam "Belarus"]
[BlackTeam "Czech Republic"]
[WhiteFideId "13504398"]
[BlackFideId "301264"]
[EventDate "2014.08.02"]

1. e4 c5 2. Nf3 Nc6 3. Bb5 d6 4. d4 cxd4 5. Qxd4 Bd7 6. Bxc6 Bxc6 7. Nc3 Nf6 8.
Bg5 e6 9. O-O-O Be7 10. Qd3 Qa5 11. h4 h6 12. Bxf6 Bxf6 13. Nd4 Rc8 14. f4 Qb6
15. Nde2 h5 16. g3 Rd8 17. Rhf1 Qc5 18. Nd4 Bxd4 19. Qxd4 Qxd4 20. Rxd4 Ke7 21.
a4 a6 22. Rfd1 Rd7 23. R1d3 Rc8 24. Kd2 g6 25. b3 f6 26. Nd1 Rdc7 27. Ne3 f5 28.
exf5 gxf5 29. Rxd6 Be4 30. R3d4 Bxc2 31. Nxc2 Rxc2+ 32. Ke3 Rg2 33. Kf3 Rcc2 34.
Rd7+ Kf6 35. Rd1 Rcf2+ 36. Ke3 Rb2 37. Kf3 Rbf2+ 38. Ke3 Rb2 39. Kf3 Rbf2+ 1/2-1/2

[Event "Olimpiade 2014 - Open"]
[Site "Tromsø"]
[Date "12.08.2014"]
[Round "10.11"]
[Board "1"]
[White "Le, Quang Liem"]
[Black "Aronian, Levon"]
[Result "1/2-1/2"]
[WhiteTitle "GM"]
[BlackTitle "GM"]
[WhiteElo "2710"]
[BlackElo "2805"]
[WhiteTeam "Vietnam"]
[BlackTeam "Armenia"]
[WhiteFideId "12401137"]
[BlackFideId "13300474"]
[EventDate "2014.08.02"]

1. d4 Nf6 2. c4 e6 3. Nc3 Bb4 4. Qc2 O-O 5. a3 Bxc3+ 6. Qxc3 d5 7. Nf3 dxc4 8.
Qxc4 b6 9. Bg5 Ba6 10. Qc3 h6 11. Bxf6 Qxf6 12. g3 Nd7 13. Ne5 Nxe5 14. dxe5 Qe7
15. Bg2 Rab8 16. Bc6 Qc5 17. Rc1 Rfd8 18. b4 Qd4 19. f4 Kf8 20. h4 Bb7 21. Qxd4
Rxd4 22. Kf2 h5 23. Ke3 Rdd8 24. Rc3 Bxc6 25. Rxc6 Rb7 26. Rhc1 Rd7 27. Kf3 a6
28. g4 hxg4+ 29. Kxg4 Ra7 30. h5 a5 31. b5 a4 32. e4 Ra5 33. Rxc7 Rxc7 34. Rxc7
Rxb5 35. Ra7 Rb1 36. Rxa4 Rg1+ 37. Kf3 Rh1 38. Ra6 Rxh5 39. Kg4 g6 40. Rxb6 Rh1
41. a4 Ra1 42. Ra6 Kg7 43. Ra7 Re1 44. Kf3 g5 45. f5 exf5 46. exf5 Rxe5 47. Kg4
Kf6 48. Ra6+ Kg7 49. Kxg5 f6+ 50. Kf4 Rc5 51. Kg4 Rd5 52. a5 Rb5 53. Ra8 Kh6 54.
a6 Ra5 55. a7 Kg7 56. Kf4 Ra1 57. Ke4 Re1+ 58. Kd5 Rd1+ 59. Ke6 1/2-1/2

[Event "Olimpiade 2014 - Open"]
[Site "Tromsø"]
[Date "12.08.2014"]
[Round "10.11"]
[Board "2"]
[White "Sargissian, Gabriel"]
[Black "Nguyen, Ngoc Truong Son"]
[Result "1/2-1/2"]
[WhiteTitle "GM"]
[BlackTitle "GM"]
[WhiteElo "2686"]
[BlackElo "2634"]
[WhiteTeam "Armenia"]
[BlackTeam "Vietnam"]
[WhiteFideId "13300881"]
[BlackFideId "12401110"]
[EventDate "2014.08.02"]

1. d4 d5 2. c4 c6 3. Nc3 Nf6 4. e3 e6 5. Nf3 Nbd7 6. Qc2 Bd6 7. Bd3 O-O 8. O-O
dxc4 9. Bxc4 b5 10. Be2 a6 11. Ne4 Nxe4 12. Qxe4 Bb7 13. Bd2 Rb8 14. Qg4 c5 15.
dxc5 f5 16. Qg5 Qxg5 17. Nxg5 Nxc5 18. Bb4 Rfe8 19. Rfd1 Bf8 20. Bxc5 Bxc5 21.
Rac1 Rbc8 22. Bf3 Bxf3 23. Nxf3 Be7 24. g3 Bf6 25. Rxc8 Rxc8 26. Rd6 a5 27. Rb6
b4 28. Rb5 Rc2 29. Rxa5 Rxb2 30. h3 h6 31. g4 g6 32. Kg2 Kf7 33. Ra7+ Ke8 34.
gxf5 exf5 35. Ra6 Bc3 36. h4 Kd7 37. Kf1 Kc7 38. Nd4 Bxd4 39. exd4 Kb7 40. Ra4
Kc6 41. a3 b3 42. Rb4 Kd5 43. f3 g5 44. hxg5 hxg5 45. a4 g4 46. a5 gxf3 47. a6
Ke4 48. Rb8 Ra2 49. Rxb3 Rxa6 50. d5 Kf4 51. Rb8 Ra1+ 52. Kf2 Ra2+ 53. Kf1 Ra1+
54. Kf2 Ra2+ 55. Kf1 1/2-1/2

[Event "Olimpiade 2014 - Open"]
[Site "Tromsø"]
[Date "12.08.2014"]
[Round "10.11"]
[Board "3"]
[White "Nguyen, Duc Hoa"]
[Black "Movsesian, Sergei"]
[Result "1-0"]
[WhiteTitle "IM"]
[BlackTitle "GM"]
[WhiteElo "2501"]
[BlackElo "2672"]
[WhiteTeam "Vietnam"]
[BlackTeam "Armenia"]
[WhiteFideId "12401358"]
[BlackFideId "310204"]
[EventDate "2014.08.02"]

1. d4 Nf6 2. c4 e6 3. Nf3 d5 4. g3 Be7 5. Bg2 O-O 6. O-O dxc4 7. Ne5 Nc6 8. Bxc6
bxc6 9. Nxc6 Qe8 10. Nxe7+ Qxe7 11. Qa4 c5 12. Qa3 e5 13. Qxc5 Qb7 14. Rd1 Bh3
15. d5 Rac8 16. Qa5 Ne4 17. f3 Nd6 18. Nc3 h5 19. Be3 Rfd8 20. Rd2 Rd7 21. Bc5
e4 22. fxe4 Nxe4 23. Nxe4 Rxd5 24. Qxa7 Qc6 25. Rxd5 Qxd5 26. Qe7 Rc6 27. Bf2
Re6 28. Qh4 Bg4 29. h3 Qxe4 30. hxg4 hxg4 31. Qd8+ Kh7 32. Qd4 Qf5 33. Qxc4 Qh5
34. Qd3+ f5 35. Rc1 Rh6 36. Qd5 Qh2+ 37. Kf1 f4 38. Qe4+ Rg6 39. Rc6 1-0

[Event "Olimpiade 2014 - Open"]
[Site "Tromsø"]
[Date "12.08.2014"]
[Round "10.11"]
[Board "4"]
[White "Akopian, Vladimir"]
[Black "Nguyen, Huynh Minh Huy"]
[Result "1-0"]
[WhiteTitle "GM"]
[BlackTitle "IM"]
[WhiteElo "2655"]
[BlackElo "2507"]
[WhiteTeam "Armenia"]
[BlackTeam "Vietnam"]
[WhiteFideId "13300032"]
[BlackFideId "12401269"]
[EventDate "2014.08.02"]

1. Nf3 c5 2. c4 Nc6 3. Nc3 g6 4. e3 Bg7 5. d4 d6 6. d5 Nb8 7. h3 Nf6 8. e4 O-O
9. Bd3 Na6 10. O-O Nc7 11. Re1 e6 12. Rb1 Rb8 13. Bf4 Nfe8 14. a3 a6 15. Bg5 Bf6
16. Bh6 Ng7 17. e5 Be7 18. exd6 Bxd6 19. Ne4 exd5 20. cxd5 Bf5 21. Nxd6 Bxd3 22.
Qxd3 Qxd6 23. Ne5 f6 24. Ng4 Rfe8 25. Bd2 h5 26. Ne3 Kh7 27. b4 Nge6 28. Qc4 b5
29. Qa2 Rbd8 30. bxc5 Nxc5 31. Bb4 Qb6 32. d6 Rxd6 33. Bxc5 Qxc5 34. Rbc1 1-0

[Event "Olimpiade 2014 - Open"]
[Site "Tromsø"]
[Date "12.08.2014"]
[Round "10.12"]
[Board "2"]
[White "Pantsulaia, Levan"]
[Black "Bruzon Batista, Lazaro"]
[Result "0-1"]
[WhiteTitle "GM"]
[BlackTitle "GM"]
[WhiteElo "2581"]
[BlackElo "2664"]
[WhiteTeam "Georgia"]
[BlackTeam "Cuba"]
[WhiteFideId "13602071"]
[BlackFideId "3503739"]
[EventDate "2014.08.02"]

1. Nf3 d5 2. g3 Nf6 3. Bg2 e6 4. O-O Be7 5. c4 O-O 6. b3 c6 7. Bb2 Nbd7 8. d3 b5
9. Qc2 Bb7 10. e4 Rc8 11. e5 Ne8 12. Nc3 Nc7 13. h4 c5 14. Rfe1 a6 15. a4 bxc4
16. dxc4 Rb8 17. Rad1 Ba8 18. Bc1 d4 19. Ne4 f5 20. exf6 gxf6 21. g4 Rf7 22. Bf4
e5 23. Bc1 Rg7 24. Nh2 Kh8 25. Ng3 Bxg2 26. Kxg2 Ne8 27. Nf5 Rg8 28. Nh6 Rg7 29.
Nf5 Rg8 30. Nh6 Rg7 31. Nf1 Nd6 32. Ng3 Qb6 33. Rd3 Qc6+ 34. f3 f5 35. Nhxf5
Nxf5 36. Nxf5 Rxg4+ 37. Kh2 Bxh4 38. Re2 Rg5 39. Bxg5 Bxg5 40. Rg2 Bf4+ 41. Kg1
Rf8 42. Ne7 Qh6 43. Nd5 e4 44. fxe4 Ne5 45. Nxf4 Qxf4 46. Rdg3 Qf1+ 47. Kh2 Nf3+
48. Rxf3 Rxf3 49. Qd2 Re3 50. b4 Qf6 51. Kg1 Qh4 52. Kf1 Rf3+ 53. Kg1 Rh3 0-1